00829cam a2200193 a 4500001001000000003000900010005001700019008004100036040002500077082002200102100003700124245008600161260018900247300002800436440002700464505006600491650002600557651005200583000001704DO-SdBNP20251030134649.0831220s1956 ve a 000 0 spa d aDO-SdBNPbspacBNPHU 4aV868.4bG463h2221 aGil Fortoul, José,d1861-1943.13aEl humo de mi pipa /cJosé Gil Fortoul ; prólogo de J.S. Penzini Hernández. aCaracas, :bMinisterio de Educación Direccion de Cultura y Bellas Artes,bDireccion de Cultura y Bellas ArtesbComisión Editora de las Obras Completas de José Gil Fortoul,c1956. a571 p. :bil. ;c24 cm. 0aObras completas,vv. 50 aEl humo de mi pipa. Discursos y palabras. De hoy para manana. 4aLiteratura venezolana 0aVenezuela xPolítica y gobierno y1830 2LEMB